Ekonomický slovník německo-český a česko-německý německo-česká část
Salvato in:
| Autore principale: | |
|---|---|
| Natura: | Libro |
| Lingua: | tedesco ceco |
| Pubblicazione: |
Praha
Výzkumný ústav technicko-ekonomický chem. prům.
1966
|
| Tags: |
Nessun Tag, puoi essere il primo ad aggiungerne!!
|
MARC
| LEADER | 00000nam a2200000 4500 | ||
|---|---|---|---|
| 001 | c122726 | ||
| 005 | 20150325110633.1 | ||
| 041 | 0 | |a ger | |
| 041 | 0 | |a cze | |
| 044 | |a CZ | ||
| 245 | 1 | 0 | |a Ekonomický slovník německo-český a česko-německý |b německo-česká část |c František Šváb |
| 264 | 1 | |a Praha |b Výzkumný ústav technicko-ekonomický chem. prům. |c 1966 | |
| 300 | |a 133 s. | ||
| 500 | |a Rotaprint. | ||
| 100 | 1 | |a Šváb, František | |